000 00465nam a2200169Ia 4500
008 131103s9999 xx 000 0 und d
040 _aLoreto College
041 _aEnglish
082 _a892.7/GIB
_bLCLIB/37295
100 _aGibran,Kahlil
245 4 _aThe Best of Kahlil Gibran
_b secrets of the heart
_cKahlil Gibran
260 _aDelhi
_bBook Palace
_c[19 - ?]
300 _a72 p.
_c 19 cm.
650 _aArabic Literature
850 _aLCLIB
942 _cBK
999 _c13670
_d64149